000 00811nam a2200253Ia 4500
003 OSt
005 20220923213601.0
006 a|||||r|||| 00| 0
007 ta
008 220922b |||||||| |||| 00| 0 hin d
020 _c12
024 _a163,126
037 _cTextual
040 _aARTS
_cARTS
_bhin
041 _2hin
_ahin
082 _aO152,1N08:g, L5
100 _aआर्य, धर्मपालसिंह
245 0 _aदिनकर का बीरकाव्य
246 _aDinakar kā bīrakāvya
260 _aदिल्ली
_b अभिनव प्रकाशन
_c1975
650 _aहिन्दी साहित्य
_9156264
942 _hO152,1N08:g, L5
_cTEXL
_2CC
999 _c317606
_d317606